Mejoramiento del tiempo de alisto de los pedidos en el almacén principal de repuestos de una empresa distribuidora de maquinaria de construcción, agrícola, automotriz e industrial
Sábháilte in:
| Príomhchruthaitheoir: | |
|---|---|
| Rannpháirtithe: | , , |
| Formáid: | LEABHAR |
| Foilsithe / Cruthaithe: |
[San José, Costa Rica]
2008
|
| Ábhair: | |
| Clibeanna: |
Cuir clib leis
Níl clibeanna ann, Bí ar an gcéad duine le clib a chur leis an taifead seo!
|
MARC
| LEADER | 00000nam a2200000Ia 4500 | ||
|---|---|---|---|
| 003 | 001034 | ||
| 005 | 20240506135933.0 | ||
| 008 | 140114s2008 cr a 000 ||s d | ||
| 040 | |c cru CEDI | ||
| 100 | |a Alfaro Piedra, Vivien, 1982- |9 2993 | ||
| 245 | |a Mejoramiento del tiempo de alisto de los pedidos en el almacén principal de repuestos de una empresa distribuidora de maquinaria de construcción, agrícola, automotriz e industrial | ||
| 260 | |a [San José, Costa Rica] |c 2008 | ||
| 300 | |a xx, 367 hojas; ilustraciones (algunas a color) | ||
| 500 | |a Proyecto de graduación (licenciatura en ingeniería industrial)--Universidad de Costa Rica. Facultad de Ingeniería. Escuela de Ingeniería Industrial | ||
| 501 | |a Director de Proyecto de Graduación: Ing. Marco Arias Vargas | ||
| 650 | |x ENTREGA DE LA COSA |x DISTRIBUCION COMERCIAL |x SERVICIO AL CLIENTE |x USO DEL TIEMPO |x EQUIPO AGRICOLA |x EQUIPO INDUSTRIAL |x DISTRIBUCION |9 4576 | ||
| 700 | |a Murillo Zamora, Ana Marcela, 1982- |9 2995 | ||
| 700 | |a Poveda Rodríguez, María del Rocío, 1981- |9 2994 | ||
| 700 | |a Arias Vargas, Marco Antonio, 1974- |d Director del TFG |9 2781 | ||
| 942 | |c TFG |h TFG 5562 |i 001034 |6 TFG_5562_001034000000000 | ||
| 999 | |c 16699 |d 16699 | ||
